000 00591cam a2200193 a 4500
020 _a0300076649 (pbk : alk. paper)
020 _a0300062583 (cloth : alk. paper)
040 _cDLC
082 0 0 _a321 YAL 1997 A064 Or.
100 1 _aRichardson, Bradley M.
245 1 0 _aJapanese democracy :
_bpower, coordination, and performance /
260 _aNew Haven, Conn :
_bYale University Press,
_c1997.
300 _aix, 325 p. ;
_c24 cm.
650 0 _aDemocracy
650 0 _aPolitical participation
650 0 _aPolitical parties
650 0 _aDecentralization in government
942 _cEK
999 _c13955
_d13955